World Market for Coffee: (Record no. 230290)
[ view plain ]
| 000 -LEADER | |
|---|---|
| fixed length control field | 00446nam a22001577a 4500 |
| 005 - DATE AND TIME OF LATEST TRANSACTION | |
| control field | 20240313151621.0 |
| 008 - FIXED-LENGTH DATA ELEMENTS--GENERAL INFORMATION | |
| fixed length control field | 240313b ||||| |||| 00| 0 eng d |
| 040 ## - CATALOGING SOURCE | |
| Transcribing agency | AL |
| 041 ## - LANGUAGE CODE | |
| Language code of text/sound track or separate title | eng |
| 082 ## - DEWEY DECIMAL CLASSIFICATION NUMBER | |
| Edition number | 23 |
| Classification number | 673.93 |
| Item number | WORL |
| 100 ## - MAIN ENTRY--PERSONAL NAME | |
| Personal name | Navanith H C |
| 100 ## - MAIN ENTRY--PERSONAL NAME | |
| 9 (RLIN) | 154125 |
| 245 ## - TITLE STATEMENT | |
| Title | World Market for Coffee: |
| Remainder of title | A Case Study on Marketing of ABC Coffee Day |
| 260 ## - PUBLICATION, DISTRIBUTION, ETC. | |
| Place of publication, distribution, etc. | Mangalore |
| Name of publisher, distributor, etc. | St Aloysius College |
| Date of publication, distribution, etc. | 1997 |
| 650 ## - SUBJECT ADDED ENTRY--TOPICAL TERM | |
| Topical term or geographic name entry element | Marketing |
| 9 (RLIN) | 154126 |
| 942 ## - ADDED ENTRY ELEMENTS (KOHA) | |
| Source of classification or shelving scheme | Dewey Decimal Classification |
| Koha item type | Project Report |
| Withdrawn status | Lost status | Source of classification or shelving scheme | Damaged status | Not for loan | Collection code | Home library | Current library | Date acquired | Total Checkouts | Full call number | Barcode | Date last seen | Price effective from | Koha item type |
|---|---|---|---|---|---|---|---|---|---|---|---|---|---|---|
| Dewey Decimal Classification | Not for loan | Management | St Aloysius Library | St Aloysius Library | 03/13/2024 | 673.93 WORL | D01712 | 03/13/2024 | 03/13/2024 | Project Report |